| 000 | 00973cam a2200301 a 4500 | ||
|---|---|---|---|
| 005 | 20260322212005.0 | ||
| 008 | data | ||
| 010 | _a 2002043672 | ||
| 020 | _a158562005X (alk. paper) | ||
| 020 | _a9781585620050 (alk. paper) | ||
| 040 |
_aDNLM/DLC _cDLC _dCtY-M _dCtY-M |
||
| 042 | _apcc | ||
| 050 | 0 | 0 |
_aRC341 _b.E84 2004 |
| 060 | 1 | 0 |
_aWM 140 _bE785 2004 |
| 096 | _aWM 140 E78 2004 | ||
| 245 | 0 | 0 |
_aEssentials of neuropsychiatry and clinical neurosciences / _cedited by Stuart C. Yudofsky, Robert E. Hales. |
| 260 |
_aWashington, DC : _bAmerican Psychiatric Pub., _cc2004. |
||
| 300 |
_axiv, 753 p. : _bill. (some col.) ; _c26 cm. |
||
| 504 | _aIncludes bibliographical references and index. | ||
| 590 | _aIncludes bibliographical references and index. | ||
| 650 | 0 | _aNeuropsychiatry. | |
| 650 | 1 | 2 | _aMental Disorders. |
| 650 | 2 | 2 | _aNervous System Diseases. |
| 650 | 2 | 2 | _aNeuropsychology. |
| 700 | 1 | _aYudofsky, Stuart C. | |
| 700 | 1 | _aHales, Robert E. | |
| 001 | data | ||
| 999 |
_c77 _d77 |
||